[Event "Pardubice Czech op-D 28th"]
[Site "Pardubice"]
[Date "2017.07.23"]
[Round "2"]
[White "Hamm, Oliver"]
[Black "Buk, Pavel"]
[Result "0-1"]
[WhiteElo "1400"]
[BlackElo "1655"]
[PlyCount "90"]
[EventDate "2017.07.22"]
[EventType "swiss"]
[EventRounds "9"]
[EventCountry "CZE"]
[SourceTitle "CBM 179 Extra"]
[Source "ChessBase"]
[SourceDate "2017.08.23"]
[SourceVersion "1"]
[SourceVersionDate "2017.08.23"]
[SourceQuality "1"]

1. d4 f5 2. Nf3 Nf6 3. e3 e6 4. Nbd2 d5 5. c4 c6 6. b3 Bb4 7. a3 Be7 8. Bb2 0-0 9. Bd3 Ne4 10. 0-0 Nd7 11. Ne5 Qe8 12. f4 Ndf6 13. Be2 Nxd2 14. Qxd2 Ne4 15. Qd1 g6 16. Rf3 g5 17. fxg5 Bxg5 18. Bc1 Nc3 19. Qc2 Nxe2+ 20. Qxe2 Bf6 21. Nd3 e5 22. dxe5 Bxe5 23. Nxe5 Qxe5 24. Bb2 Qe6 25. Rg3+ Kf7 26. Rg7+ Ke8 27. Qh5+ Rf7 28. Rg8+ Kd7 29. Qg5 Qe7 30. Qg3 b6 31. Rd1 Bb7 32. Rxa8 Bxa8 33. cxd5 cxd5 34. Rc1 Bc6 35. Re1 Kc8 36. Rc1 Kb7 37. Qf4 Qe6 38. Rf1 Rf8 39. Bd4 Bd7 40. g4 Rg8 41. g5 h6 42. Bf6 Qxf6 43. Kh1 Qxg5 44. Qf3 Bc6 45. Rc1 Rg6 0-1

[Event "GER-ch U25-B"]
[Site "Willingen"]
[Date "2016.05.21"]
[Round "9"]
[White "Hamm, Oliver"]
[Black "Schilay, Maria"]
[Result "1-0"]
[WhiteElo "1194"]
[BlackElo "1372"]
[PlyCount "105"]
[EventDate "2016.05.15"]
[EventType "swiss"]
[EventRounds "9"]
[EventCountry "GER"]
[SourceTitle "CBM 172 Extra"]
[Source "ChessBase"]
[SourceDate "2016.06.21"]
[SourceVersion "1"]
[SourceVersionDate "2016.06.21"]
[SourceQuality "1"]

1. d4 d5 2. Nf3 Nf6 3. e3 e6 4. Bd3 c5 5. c3 Nc6 6. Nbd2 Be7 7. 0-0 0-0 8. e4 c4 9. Bc2 b5 10. e5 Nd7 11. Ne1 f5 12. f4 Bb7 13. Qh5 Qe8 14. Qh3 Rf7 15. g4 g6 16. g5 Bf8 17. Qg3 Bg7 18. h4 Nf8 19. Rf2 Rc7 20. Rh2 a5 21. Qh3 b4 22. Bd1 a4 23. h5 Rcc8 24. hxg6 Qxg6 25. Bh5 Qe8 26. Bxe8 Rxe8 27. Nef3 Ne7 28. g6 Nexg6 29. Ng5 h6 30. Ngf3 Nxf4 31. Qg3 N4g6 32. Nf1 bxc3 33. bxc3 Kf7 34. Bxh6 Bh8 35. Rg2 Bg7 36. Bxg7 Kxg7 37. Nh4 Kf7 38. Nxg6 Nxg6 39. Qxg6+ Ke7 40. Qf6+ Kd7 41. Rg7+ Kc8 42. Qf7 Re7 43. Rg8+ Kd7 44. Qg6 Rxg8 45. Qxg8 Re8 46. Qf7+ Re7 47. Qf6 Re8 48. Rb1 Rg8+ 49. Kf2 Bc6 50. Qf7+ Kc8 51. Qxg8+ Kd7 52. Rb8 Ke7 53. Qg7# 1-0

[Event "GER-ch U25-B"]
[Site "Willingen"]
[Date "2016.05.17"]
[Round "4"]
[White "Chalabi, Tom"]
[Black "Hamm, Oliver"]
[Result "0-1"]
[WhiteElo "1365"]
[BlackElo "1194"]
[PlyCount "120"]
[EventDate "2016.05.15"]
[EventType "swiss"]
[EventRounds "9"]
[EventCountry "GER"]
[SourceTitle "CBM 172 Extra"]
[Source "ChessBase"]
[SourceDate "2016.06.21"]
[SourceVersion "1"]
[SourceVersionDate "2016.06.21"]
[SourceQuality "1"]

1. e4 d5 2. exd5 Qxd5 3. Nc3 Qa5 4. d4 c6 5. Bc4 Bf5 6. Nge2 e6 7. 0-0 Nf6 8. Ng3 Bg6 9. f4 Bd6 10. f5 exf5 11. Qe2+ Kd7 12. Qd3 f4 13. Qf3 fxg3 14. hxg3 Qh5 15. Qxh5 Nxh5 16. Bxf7 Nxg3 17. Rf3 Bxc2 18. Bf4 Rf8 19. Bxg3 Bxg3 20. Be6+ Ke7 21. Rxg3 Kxe6 22. Re1+ Kd6 23. Rxg7 Nd7 24. Rge7 Rf6 25. R7e2 Bd3 26. Re3 Bg6 27. Rd1 Nb6 28. Rde1 Nc4 29. Re7 b5 30. Rb7 Re6 31. Rf1 Nxb2 32. Rf2 Nc4 33. Ne2 Re7 34. Rf6+ Re6 35. Rf2 Re4 36. Rf6+ Re6 37. Rf2 Ne3 38. Nf4 Re4 39. Nxg6 hxg6 40. Rf6+ Kd5 41. Rd7+ Kc4 42. Rxc6+ Kd3 43. d5 Ng4 44. g3 Rc4 45. Rdd6 Rxc6 46. dxc6+ Kc4 47. c7 Rc8 48. Rd7 Kc5 49. Rg7 Ne5 50. Kf2 Kc6 51. Re7 Nc4 52. Re6+ Kxc7 53. Rxg6 Rd8 54. Kf3 Ne5+ 55. Kf4 Nxg6+ 56. Kf5 Ne7+ 57. Ke6 Nc6 58. g4 Nb4 59. Kf7 Nxa2 60. g5 b4 0-1

[Event "GER-ch U25-B"]
[Site "Willingen"]
[Date "2016.05.15"]
[Round "2"]
[White "Gloyer, Fabian"]
[Black "Hamm, Oliver"]
[Result "1-0"]
[WhiteElo "1314"]
[BlackElo "1194"]
[PlyCount "43"]
[EventDate "2016.05.15"]
[EventType "swiss"]
[EventRounds "9"]
[EventCountry "GER"]
[SourceTitle "CBM 172 Extra"]
[Source "ChessBase"]
[SourceDate "2016.06.21"]
[SourceVersion "1"]
[SourceVersionDate "2016.06.21"]
[SourceQuality "1"]

1. e4 d5 2. exd5 Qxd5 3. Nc3 Qa5 4. d4 c6 5. Nf3 Bf5 6. Bd3 Bxd3 7. Qxd3 e6 8. Bf4 Nf6 9. 0-0 Nh5 10. Bd2 Qc7 11. Rfe1 Bd6 12. Ne4 Bf4 13. Bxf4 Nxf4 14. Qd2 Nd5 15. c4 Nf6 16. Qd3 Nbd7 17. c5 Rd8 18. Nd6+ Ke7 19. Ng5 Rhf8 20. Qf5 g6 21. Qh3 h5 22. Rxe6+ 1-0

[Event "GER-ch U25-B"]
[Site "Willingen"]
[Date "2016.05.15"]
[Round "1"]
[White "Hamm, Oliver"]
[Black "Rachor, Felix"]
[Result "1/2-1/2"]
[WhiteElo "1194"]
[BlackElo "1510"]
[PlyCount "46"]
[EventDate "2016.05.15"]
[EventType "swiss"]
[EventRounds "9"]
[EventCountry "GER"]
[SourceTitle "CBM 172 Extra"]
[Source "ChessBase"]
[SourceDate "2016.06.21"]
[SourceVersion "1"]
[SourceVersionDate "2016.06.21"]
[SourceQuality "1"]

1. d4 d5 2. Nf3 Nf6 3. e3 e6 4. Bd3 Be7 5. b3 b6 6. Bb2 Bb7 7. 0-0 Nbd7 8. Nbd2 0-0 9. Ne5 Rc8 10. c4 c5 11. f4 Ne4 12. Rc1 Ndf6 13. Ndf3 Bd6 14. Qe2 h6 15. Rc2 Rc7 16. Rfc1 Qe7 17. Rf1 Rfc8 18. Rfc1 Kf8 19. Ba1 Kg8 20. Bb2 Kf8 21. Ba1 Ba8 22. Bb2 Kg8 23. Ba1 Bb7 1/2-1/2

[Event "Berlin Lichtenberger op 14th"]
[Site "Berlin"]
[Date "2015.08.21"]
[Round "7"]
[White "Hamm, Oliver"]
[Black "Kaufmann, Mathias"]
[Result "1/2-1/2"]
[WhiteElo "1413"]
[BlackElo "1541"]
[PlyCount "83"]
[EventDate "2015.08.15"]
[EventType "swiss"]
[EventRounds "9"]
[EventCountry "GER"]
[SourceTitle "EXT 2016"]
[Source "ChessBase"]
[SourceDate "2015.10.08"]
[SourceVersion "1"]
[SourceVersionDate "2015.10.08"]
[SourceQuality "1"]

1. d4 d5 2. Nf3 Nf6 3. e3 e6 4. b3 c5 5. Bb2 cxd4 6. exd4 Be7 7. Bd3 0-0 8. 0-0 b6 9. Nbd2 Ba6 10. Bxa6 Nxa6 11. Ne5 Rc8 12. c4 dxc4 13. Ndxc4 Nd5 14. Qe2 Nf4 15. Qf3 Nd5 16. Qe2 Nb8 17. Rfe1 Bb4 18. Rec1 Qg5 19. Qg4 Qh6 20. Nf3 Rc7 21. Qg5 Qxg5 22. Nxg5 Rfc8 23. Rd1 b5 24. Ne3 Nxe3 25. fxe3 Rc2 26. Rac1 R8c6 27. Rxc2 Rxc2 28. Rc1 Rxc1+ 29. Bxc1 Nc6 30. Kf2 Be7 31. Ne4 Nb4 32. Ke2 Nxa2 33. Nc5 Bxc5 34. dxc5 Nb4 35. Bd2 Nc6 36. b4 g6 37. e4 f5 38. Ke3 g5 39. g3 h5 40. Kf3 fxe4+ 41. Kxe4 g4 42. Kf4 1/2-1/2